Moderní spolupráce s personálními agenturami

Spolupráca firiem s personálnymi agentúrami v minulosti a dnes. Miera využívania agentúr kolíše. Nové varianty zapájania pracovníkov do činnosti firiem, nové atypické úväzky. Ovplyvňovanie agentúr svojimi požiadavkami.

Salvato in:
Dettagli Bibliografici
Autore principale: Hekelová, Zuzana
Natura: Capitolo di libro
Lingua:ceco
Soggetti:
Tags: Aggiungi Tag
Nessun Tag, puoi essere il primo ad aggiungerne!!

MARC

LEADER 00000naa a2200000 4500
001 0177662
005 20231019120258.3
041 0 |a cze 
044 |a CZ 
245 1 0 |a Moderní spolupráce s personálními agenturami  |c Zuzana Hekelová 
520 |a Spolupráca firiem s personálnymi agentúrami v minulosti a dnes. Miera využívania agentúr kolíše. Nové varianty zapájania pracovníkov do činnosti firiem, nové atypické úväzky. Ovplyvňovanie agentúr svojimi požiadavkami. 
610 2 0 |a práca personálna 
610 2 0 |a agentúry 
610 2 0 |a firmy 
610 2 0 |a úväzok pracovný 
100 1 |a Hekelová, Zuzana